| 000 | 003760000a22001570004500 | ||
|---|---|---|---|
| 003 | MACL | ||
| 040 | _aMACL | ||
| 090 |
_c47801 _d47799 |
||
| 100 | _aDatta,Anup Kumar | ||
| 245 | _aQuality in Higher Education | ||
| 260 |
_aKolkata _bKnowledge Bank Publishers & Distributors _c2010 |
||
| 350 | _a460 | ||
| 650 | _aEducation | ||
| 942 |
_cBOOK _k379/DAT |
||
| 951 | _o379/DAT BOOK | ||
| 999 |
_c47296 _d47296 |
||